1304 1153 1127 1780 1313 1640 1372 1856 1555 1411 1916 1484 1128 1571 1908 1374 1989 1903 1466 1601 1358 1623 1455 1851 1067 1197 1792 1657 1547 1810 1791 1667 1711 1896 1252 1958 1738 1340 1059 1202 1452 1108 1080 1164 1994 1082 1158 1564 1318 1046 1956 1180 1585 1885 1711 1770 1487 1407 1645 1195 1545 1423 1027 1572 1445 1917 1622 1093 1618 1851 1065 1491 1500 1119 1469 1783 1593 1716 1191 1968 1906 1037 1982 1734 1110 1928 1206 1728 1316 1850 1161 1799 1838 1375 1801 1665 1226 1233 1835 BCNSPRNW ULIB Ver.6.0+V

เปลี่ยนเป็นภาษาไทย

Change to English
 แสดงรายละเอียดบรรณานุกรม
  กลับหน้าหลัก

Brief Record : Get Marc (ISO 2709) : E-mail record : QR code < ปิดหน้าต่าง
LEADER : 00000nam 2200000uu 4500
001    13399111852
003     ULIB
008    110627s2534||||th 000 0 tha d
060  4 W84.6^bธ29ก 2534
100 0  ธวัช สุนทราจารย์
245 00 การศึกษารูปแบบการสาะารณสุขมูลฐานที่ส่งเสริมการมีส่วนร่วมในการดูแลตนเองของประชาชนระดับหมู่บ้านในเขตอำเภอที่ปรับกลวิธีการสาธารณสุขมูลฐาน ของจังหวัดนครสวรรค์/^cธวัช สุนทราจารย์
260    กรุงเทพฯ :^bสถาบันพัฒนาการสาธารณสุขอาเซียน มหาวิทยาลัยมหิดล,^c2534
300    87 หน้า
650  7 การศึกษารูปแบบการสาะารณสุขมูลฐานที่ส่งเสริมการมีส่วนร่วม
945    ^p0^l0^i008791
995    ทศพร
999 ^a ใช้งานได้ทุกระบบ
รายการนี้ยังไม่มีแท็ก
คุณยังไม่ได้ล็อกอิน คุณสามารถมีกิจกรรมร่วมกับเว็บไซต์ได้ แต่ต้องล็อกอินก่อน ::
  ล็อกอิน

รายการสื่อสารสนเทศ

ลำดับที่ ประเภท เลขเรียก/บาร์โค้ด สถานที่ สถานะ
- ไม่พบข้อมูล -

BibComment


ยังไม่เคยถูกคอมเมนท์

คอมเมนท์ทรัพยากรรายการนี้
  คอมเมนท์: การศึกษารูปแบบการ..


 Copyright 2026. Bcnsprnw @Library